000 00713nam a2200253Ia 4500
003 OSt
005 20220918163249.0
006 a|||||r|||| 00| 0
007 ta
008 220917b |||||||| |||| 00| 0 eng d
020 _a0 450 04917 5
024 _a31,898
037 _cTextual
040 _aARTS
_cARTS
_beng
041 _2eng
_aeng
082 _aO111,6xN, M2
100 _aWells John
_912352
245 0 _aMaster pieces
_b a dab at the sixties and seventies collected journalism 1961-1981
260 _aLondon
_bNew English Library UK
_c1982
300 _a225p.
_ccm.
650 _aENGLISH LITERATURE
942 _hO111,6xN, M2
_cTEXL
_2CC
999 _c118784
_d118784